| 000 | 00409nam a2200133Ia 4500 | ||
|---|---|---|---|
| 008 | 180321s2011 xx 000 0 und d | ||
| 082 | _a342.085 TOM | ||
| 245 | _aFourmonths the Kashmir valley will never forget: An enquiry into the mass uprising of 2010 | ||
| 260 |
_aNew Delhi _bThe Other Media _c2011 |
||
| 300 | _a68 | ||
| 650 | _aKashmir's media | ||
| 650 | _aViolence | ||
| 906 | _aReceived on 12.01.2018 | ||
| 999 |
_c110910 _d110910 |
||